| 000 | 00876cam a2200289 4500 | ||
|---|---|---|---|
| 001 | ABS65918 | ||
| 008 | 020930n2002 000 0 eng u | ||
| 035 | _a(Sirsi) u119935 | ||
| 245 | _aFocus 2002: Cambs, Norfolk and Suffolk | ||
| 260 | _c2002 | ||
| 490 |
_aEstates Gazette _v(0238) 21 September 2002, 147-169(11) |
||
| 590 | _aABS | ||
| 650 | _aPETERBOROUGH | ||
| 650 | _aCAMBRIDGE | ||
| 650 | _aNORWICH | ||
| 650 | _aPROPERTY-COMMERCIAL PROPERTY-OFFICE PROPERTY-OFFICE PROPERTY MARKET | ||
| 650 | _aINDUSTRIAL MARKET | ||
| 650 | _aPROPERTY-COMMERCIAL PROPERTY-RETAIL PROPERTY-RETAIL PROPERTY MARKET | ||
| 650 | _aINDUSTRIAL MARKET | ||
| 650 | _aDISTRIBUTION CENTRES | ||
| 650 | _aHUNTINGDON | ||
| 650 | _aCAMBRIDGESHIRE | ||
| 650 | _aSUFFOLK | ||
| 650 | _aNORFOLK | ||
| 690 | _aPROPERTY-COMMERCIAL PROPERTY-COMMERCIAL PROPERTY MARKET | ||
| 942 | _n0 | ||
| 999 |
_c71258 _d71258 |
||